[Event "HEM-Meister"]
[Site "Hamburg"]
[Date "2024.05.19"]
[Round "2.1"]
[White "Wenzel, Birger"]
[Black "Bracker, Arne"]
[Result "1-0"]
[WhiteElo "2055"]
[BlackElo "2289"]
[Annotator "hugo5"]
[PlyCount "85"]
[GameId "2047056065171690"]
[EventDate "2024.??.??"]
[WhiteTeam "SK Johanneum Eppendorf"]
[BlackTeam "Hamburger SK von 1830 eV"]

{[%evp 0,85,14,30,30,30,52,36,46,22,13,19,28,4,4,0,6,9,9,0,0,4,2,-26,-5,-36,-19,-30,-3,-25,33,-15,87,9,27,3,-18,-66,-74,-122,-72,-70,-52,-66,-6,-65,-65,-72,8,8,27,-34,-18,-18,0,0,36,4,19,22,19,0,-7,-49,-25,-31,-35,-37,-36,-64,-68,-68,-38,-61,0,0,-22,-26,100,101,101,123,775,127,261,283,534,563]} 1. d4 Nf6 2. Nf3 g6 3. Bg5 Bg7 4. Nbd2 O-O 5. e3 d6 6. Bc4 h6 7. Bh4 b6 8. O-O Bb7 9. c3 Nbd7 10. Qc2 c5 11. b4 Rc8 12. Qb3 Rc7 13. a4 Qa8 14. Rfc1 e5 15. a5 bxa5 16. dxc5 dxc5 17. b5 Nb6 18. Be2 a4 19. Qa3 e4 20. Ne5 Nfd5 21. Bg3 Rcc8 22. Ndc4 Rfe8 23. Nxb6 Nxb6 24. Nc4 Rcd8 25. Nxb6 axb6 26. Qxa4 Qc8 27. Qc2 Bf6 28. Rd1 Kg7 29. Rxd8 Rxd8 30. Rd1 Rxd1+ 31. Bxd1 h5 32. h3 h4 33. Bh2 c4 34. Bg4 Qc5 35. Qb2 Qd5 36. Be2 Bc8 37. Qb4 Be6 38. Bc7 Qd2 39. Bxc4 Qe1+ 40. Bf1 Bxc3 41. Qxe4 Ba5 42. Qd4+ f6 43. Bd8 1-0

[Event "HEM-Meister"]
[Site "Hamburg"]
[Date "2024.05.19"]
[Round "2.2"]
[White "Mandelkow, Elias"]
[Black "Malchereck, Zion"]
[Result "1/2-1/2"]
[WhiteElo "1870"]
[BlackElo "1968"]
[PlyCount "124"]
[GameId "2047052900442268"]
[EventDate "2024.??.??"]
[WhiteTeam "Hamburger SK von 1830 eV"]
[BlackTeam "Hamburger SK von 1830 eV"]

{[%evp 0,124,19,31,14,0,39,38,31,32,36,20,17,22,26,17,37,30,26,29,45,52,76,71,56,49,30,26,63,83,59,110,95,99,121,97,97,80,127,125,133,48,52,95,84,60,60,71,76,101,107,69,136,83,83,83,139,151,182,178,160,160,159,134,156,123,144,102,145,118,151,150,169,186,169,118,123,119,121,128,155,155,154,123,124,126,129,129,150,129,1577,129,131,131,134,143,143,143,143,142,695,142,812,142,143,138,142,138,138,138,138,134,149,149,149,149,149,149,149,149,149,149,149,134,149,149,149]} 1. d4 Nf6 2. c4 g6 3. Nc3 Bg7 4. e4 d6 5. Bd3 O-O 6. Nge2 Nbd7 7. O-O e5 8. d5 a5 9. Bc2 Ne8 10. Be3 f5 11. exf5 gxf5 12. f4 e4 13. Nd4 Ndf6 14. h3 Bd7 15. g4 fxg4 16. f5 gxh3 17. Ne6 Bxe6 18. fxe6 c5 19. Nxe4 Nxe4 20. Bxe4 Qh4 21. Rxf8+ Bxf8 22. Qf3 Nf6 23. Bf5 h2+ 24. Kh1 Be7 25. b3 Kh8 26. Qh3 Qxh3 27. Bxh3 Rg8 28. Kxh2 Kg7 29. Bf5 Kf8 30. Rf1 Ke8 31. Rf3 b6 32. Bd2 h5 33. Bc3 Rg5 34. Kh3 Rg1 35. Bd3 Ng8 36. Kh2 Rg5 37. Bh7 Nh6 38. Kh3 Ng4 39. Rf5 Rxf5 40. Bxf5 Ne5 41. Be1 a4 42. Be4 axb3 43. axb3 Bd8 44. Bh4 Ng4 45. Bxd8 Kxd8 46. Kh4 Nf6 47. Bf3 Ne8 48. Kxh5 Nc7 49. Kg5 Na6 50. Be4 Nc7 51. Kf4 Na6 52. Ke3 Nc7 53. Kd2 Na6 54. Kc3 Nc7 55. b4 cxb4+ 56. Kxb4 Ke8 57. Bc2 Ke7 58. Ba4 Kf6 59. Bc6 Ke7 60. Bb7 Kf6 61. Kb3 Ke7 62. Kb4 Kf6 1/2-1/2

[Event "HEM-Meister"]
[Site "Hamburg"]
[Date "2024.05.19"]
[Round "2.4"]
[White "Mondorf, Karl-Josef"]
[Black "Schell, Franz Jürgen"]
[Result "1/2-1/2"]
[WhiteElo "1849"]
[BlackElo "1996"]
[PlyCount "49"]
[GameId "2046984369623532"]
[EventDate "2024.??.??"]
[WhiteTeam "Volksdorfer SK 1948"]
[BlackTeam "Bramfelder SK 1947 e.V."]

{[%evp 0,49,31,14,22,-3,37,17,47,31,16,-10,-3,8,3,14,31,29,28,30,30,23,62,15,35,54,84,78,78,65,66,73,63,59,79,23,24,6,29,24,26,28,17,16,6,9,13,2,41,10,26,17]} 1. Nf3 Nf6 2. b3 d6 3. d4 g6 4. Bb2 Bg7 5. g3 O-O 6. Bg2 c6 7. O-O a5 8. a4 Na6 9. Nbd2 d5 10. Ne5 Bf5 11. Ndf3 Be4 12. Bh3 Bxf3 13. exf3 e6 14. Ba3 Re8 15. Qd2 Rc8 16. Rfe1 c5 17. c3 Bf8 18. Qf4 Rc7 19. Bf1 Nh5 20. Qe3 cxd4 21. Qxd4 Bxa3 22. Rxa3 Qe7 23. Raa1 Nc5 24. Rab1 Rec8 25. Ng4 1/2-1/2

[Event "HEM-Meister"]
[Site "Hamburg"]
[Date "2024.05.19"]
[Round "2.5"]
[White "Keyser, Robin"]
[Black "Schroeder, Christoph"]
[Result "1/2-1/2"]
[WhiteElo "2194"]
[BlackElo "2183"]
[PlyCount "166"]
[GameId "2047049783685261"]
[EventDate "2024.??.??"]
[WhiteTeam "SK Johanneum Eppendorf"]
[BlackTeam "SK Johanneum Eppendorf"]

{[%evp 0,53,22,32,7,-15,-18,-13,9,5,30,17,27,-29,-15,-11,-27,-11,37,-13,10,3,11,-2,-2,-9,14,1,1,25,9,13,10,-28,18,-20,0,0,0,0,0,-46,-22,-36,-35,-35,-42,-37,-19,-29,-29,-13,-29,-54,-54,-54]} 1. Nf3 d5 2. g3 Nf6 3. Bg2 e6 4. O-O c5 5. c4 d4 6. e3 Nc6 7. exd4 cxd4 8. d3 Bc5 9. Na3 O-O 10. Nc2 Re8 11. Bg5 e5 12. Nd2 Bf5 13. Ne4 Be7 14. Bxf6 Bxf6 15. b4 Be7 16. Rb1 a6 17. Re1 Qd7 18. Nc5 Bxc5 19. bxc5 Rac8 20. Nb4 Na5 21. c6 Nxc6 22. Nxc6 bxc6 23. Rb6 Re6 24. Rxa6 Qb7 25. Ra5 Rce8 26. f4 exf4 27. Rxe6 Bxe6 28. gxf4 Bd7 29. Re5 Rxe5 30. fxe5 Qb2 31. a4 Qa2 32. Be4 c5 33. e6 Bxe6 34. Qh5 g6 35. Qxc5 Qxa4 36. Qxd4 Qd1+ 37. Kg2 Qe2+ 38. Kg3 Qg4+ 39. Kf2 Qh4+ 40. Ke2 Qxh2+ 41. Kd1 h5 42. c5 h4 43. Bd5 Bxd5 44. Qxd5 Qg1+ 45. Kc2 h3 46. c6 Qg2+ 47. Qxg2 hxg2 48. c7 g1=Q 49. c8=Q+ Kg7 50. Qc3+ Kh7 51. d4 Qg2+ 52. Kb3 Qd5+ 53. Qc4 Qxc4+ 54. Kxc4 g5 55. d5 Kg7 56. Kb5 g4 57. d6 g3 58. d7 g2 59. d8=Q g1=Q 60. Ka6 Qa1+ 61. Kb7 Qb2+ 62. Ka7 Qa3+ 63. Kb7 Qb4+ 64. Ka7 Qc5+ 65. Kb7 f5 66. Qg5+ Kf7 67. Qh5+ Kf6 68. Qh8+ Kg5 69. Qg7+ Kf4 70. Qh6+ Ke4 71. Qh1+ Ke5 72. Qh8+ Kd5 73. Qg8+ Kd4 74. Qg1+ Kc4 75. Qc1+ Kd5 76. Qh1+ Kd6 77. Qh6+ Kd7 78. Qh7+ Ke8 79. Qg6+ Ke7 80. Qg7+ Kd8 81. Qg8+ Kd7 82. Qf7+ Kd6 83. Qf6+ Kd7 1/2-1/2